[Event "RUS-chT 06th"]
[Site "St Petersburg"]
[Date "1999.05.19"]
[Round "4"]
[White "Loginov, Valery A"]
[Black "Malaniuk, Vladimir P"]
[Result "1/2-1/2"]
[WhiteElo "2532"]
[BlackElo "2552"]
[Annotator "Tyomkin,D"]
[PlyCount "58"]
[EventDate "1999.05.16"]
[EventType "team-tourn"]
[EventRounds "9"]
[EventCountry "RUS"]
[SourceTitle "EXT 2020"]
[Source "ChessBase"]
[SourceDate "2019.10.17"]
[SourceVersion "1"]
[SourceVersionDate "2019.10.17"]
[SourceQuality "1"]
[WhiteTeam "Sankt Petersburg Lentransgaz"]
[BlackTeam "Belorechensk Khimik"]
[WhiteTeamCountry "RUS"]
[BlackTeamCountry "RUS"]

1. Nf3 {Hansen,Cu} f5 2. b3 d6 3. d4 g6 4. g3 Bg7 5. Bb2 Nc6 6. Bg2 Nh6 $5 {
[%mdl 4] It is such unexpected and new idea,which has passed successfully in
this game.Black intends to play e7-e5 on following move,and pawn-e5 will be
protected once again by Nf7. Hansen,Cu: 'The idea of placing Ng8 on h6 in the
Leningrad-system of the Dutch is connected to the english player Basman.
Generally speaking the advantage is to keep the /^ h8-a1 free, while the kings
N is somewhat blocking the view of Bg7 if it is placed on f6. The negative
side is that the N on h6 does not control the square e4, and e2-e4 is what
white wants to play in all dutch opening lines. In this game a lot of things
is in favour of putting the N on the edge. White has spend a number of moves
in playing his Bc1 to b2 thereby opposing blacks Bg7. But this means he has
neither castled nor made ready for e2-e4. In fact the position of the B on b2
- and the pin on the d4-P - is taking away the possibility of playing d4-d5,
which is a normal response in dutch-Leningrad lines where blacks plays Nb8-c6.
Now white cannot stop e7-e5, and black will have a comfortable game.'} (6... e5
7. dxe5 $14) 7. Nbd2 e5 8. dxe5 (8. d5 $5 Ne7 9. c4 O-O {Black gets a good
play in this pawn structure which is similar to King's Indian.}) 8... Nxe5 (
8... dxe5 9. Nc4 (9. O-O O-O 10. e4 fxe4 11. Nxe4 Bg4 $36 {[%cal Gc6d4,Yh6f5,
Yf5d4]}) (9. e4 $5 {Hansen,Cu: blacks pawn-center cannot advance, and even
though e5 kan be comfortably protected by Nh6-f7, black will have to be very
careful after a later e4xf5. The hanging Ps are probably more weak than strong}
) 9... Qxd1+ (9... Qe7 10. O-O $14 {[%cal Gb2a3]}) (9... Qe7 $132) 10. Rxd1 Nf7
11. h4 $1 Be6 12. Ng5 $1 $14) 9. Nxe5 Bxe5 10. Bxe5 dxe5 11. Nc4 {Hansen,Cu:
'White does not have any Ps in the center which makes his own position very
flexible. However only playing wiht his pieces also means he has problems
creating attacking-points in blacks position. He has no permanent stronghold
in the center that could be used to build his postion up around. '} (11. e4 {
Hansen,Cu} f4) 11... Qf6 (11... Qxd1+ 12. Rxd1 Nf7 {[%cal Gc7c6,Yc8e6]} 13. e4
$14 (13. h4 $5)) (11... Qe7 $5 {Hansen,Cu This could be better than 11. - Qf6
since black later in the game has a few problems with his Q being pinned in
the long /^}) 12. Qd2 Nf7 13. Qc3 {[%cal Yf2f4,Yc3f6,Gg2d5]} c6 $1 (13... Qe7
$2 {[%cal Ge5e4]} 14. Bd5) (13... O-O $6 14. Bd5) 14. f4 O-O 15. O-O Qe7 (15...
Re8 16. Rad1 Qe7 17. Nxe5 {-see the game}) 16. Nxe5 (16. fxe5 {Hansen,Cu} Qc5+
{[%cal Yb7b5]}) 16... Nxe5 17. fxe5 Re8 {Hansen,Cu: 'Because white has keept
almost all his forces "at home" black can afford to use some time getting the
P back even if his Q-side his not yet fully developed.'} 18. Rad1 {[%cal Ge2e4]
} Qxe5 19. Qxe5 Rxe5 20. Rd8+ Kf7 {[%csl Re2][%cal Ge5e8][%mdl 4096] This
position looks very dangerous for black with such backlog in development,but
white doesn't have time to arrange any threats.} 21. e4 Re8 22. Rxe8 Kxe8 23.
Rf4 $1 {[%cal Ge4f5,Yf4b4][%mdl 4096] Finally white is able to create some
threats(white intends to transfer rook to-b4,not allowing black to finish
development),but black remove all whites threats by exact defensive move.} Rb8
$1 $11 (23... Be6 $6 24. exf5 Bxf5 25. Rb4 Rb8 $140 $2 26. Bxc6+) (23... Ke7
24. exf5 Bxf5 25. Rb4 b6 26. Bxc6 Rd8 (26... Rc8 $2 27. Be4) 27. Be4 Rd1+ 28.
Kf2 Rd2+ 29. Ke3 Rxh2 30. Bxf5 gxf5 31. Rc4 $14 {White is slightly better,but,
certainly,it is not enough to achieve a win in this ending}) 24. h4 (24. Rh4 h5
$11) 24... Ke7 25. Bh3 (25. h5 Kf6 26. hxg6 hxg6 27. Rh4 Be6 $11) 25... fxe4
26. Rxe4+ Kf7 27. Rf4+ Ke7 28. Re4+ Kf7 29. Rf4+ Ke7 1/2-1/2

[Event "Bonn GSK"]
[Site "Bonn"]
[Date "1995.??.??"]
[Round "7"]
[White "Maiwald, Jens Uwe"]
[Black "Glek, Igor Vladimirovich"]
[Result "0-1"]
[WhiteElo "2455"]
[BlackElo "2590"]
[Annotator "Von Gleich,A"]
[PlyCount "36"]
[EventDate "1995.??.??"]
[EventType "tourn"]
[EventRounds "11"]
[EventCountry "GER"]
[EventCategory "8"]
[SourceTitle "CBM 045"]
[Source "ChessBase"]
[SourceDate "1995.04.01"]
[SourceVersion "1"]
[SourceVersionDate "1995.04.01"]
[SourceQuality "1"]

1. g3 g6 2. Bg2 Bg7 3. d4 (3. e4 c5 {geschlossenes Sizilianisch}) 3... c5 4.
Nf3 (4. d5 $1 d6 5. e4 Nf6 6. Nc3 $14) 4... cxd4 5. Nxd4 Nc6 $1 6. Nxc6 bxc6
$10 7. O-O Rb8 $1 8. c3 h5 9. Qa4 {Schwarz behandelt die Eröffnung origenel
und agressiv.} Qb6 10. Na3 Qa6 11. Qc2 $2 {Dazu war keine Zeit mehr.Sa3 ist
jetzt aus dem Spiel.} (11. Qxa6 Bxa6 12. Re1 $10) 11... h4 12. e4 (12. Bg5 $6
hxg3 13. hxg3 Qa5 14. Bf4 Qh5 15. g4) 12... d6 13. Be3 Nf6 14. f3 hxg3 15. hxg3
Be6 16. Qf2 Qa5 17. g4 $2 (17. Rfd1) (17. Bxa7 $142 $5 Rb7 18. Bd4 Qh5 19. Rfd1
Qh2+ 20. Kf1 Bh3 21. Rd2 $13) 17... Qe5 18. f4 Qa5 (18... Qa5 19. g5 Ng4 20.
Qe2 Nxe3 21. Qxe3 Rxb2 $19) 0-1

[Event "Stockholm-A"]
[Site "Stockholm"]
[Date "1995.??.??"]
[Round "5"]
[White "Ornstein, Axel"]
[Black "Wedberg, Tom Birger"]
[Result "0-1"]
[WhiteElo "2450"]
[BlackElo "2455"]
[Annotator "Wedberg,T"]
[PlyCount "61"]
[EventDate "1995.08.??"]
[EventType "tourn"]
[EventRounds "11"]
[EventCountry "SWE"]
[EventCategory "8"]
[SourceTitle "CBM 049 Extra"]
[Source "ChessBase"]
[SourceDate "1996.01.01"]
[SourceVersion "1"]
[SourceVersionDate "1996.01.01"]
[SourceQuality "1"]

1. Nf3 c5 2. g3 Nc6 3. Bg2 e5 4. O-O g6 5. c3 Bg7 6. d4 cxd4 7. cxd4 exd4 8.
Na3 Nge7 (8... a6 9. Nc2 Qb6 10. e3 Nge7 11. Nfxd4 O-O 12. b3 d5 13. Ba3 Rd8
14. Rc1 Nf5 15. Nxc6 bxc6 16. Qd2 a5 $10 {Zysk,R-Schneider,A/Budapest/1988}) 9.
Nb5 O-O (9... Nf5 10. Bf4 d6 11. g4 a6 12. Qa4 Bd7 13. Nxd6+ Nxd6 14. Bxd6 Qf6
15. Qa3 $14 {Cvitan,O-Cebalo,M/Zagreb/1985}) 10. Bf4 $6 (10. Nbxd4 d5 $10)
10... d5 (10... a6 $4 11. Bc7 Qe8 12. Nd6 $18) 11. Qd2 (11. Nc7 Rb8 12. Nb5 $10
) 11... d3 $1 12. exd3 a6 13. Nc3 Bf5 (13... Re8 14. Bh6 Bh8 $36) 14. Bh6 Rc8
15. Rfe1 Re8 16. Bxg7 Kxg7 17. Re2 Bg4 $10 18. Qf4 Bxf3 19. Bxf3 d4 20. Ne4 Nd5
21. Qd2 h6 22. Rae1 b6 23. Qd1 Ne5 24. Bg2 $2 (24. Nd2 Nxf3+ 25. Nxf3 Rxe2 26.
Qxe2 Qf6 $10) 24... Nb4 $1 $19 25. Rd2 f5 26. a3 Nbxd3 27. Rxd3 Nxd3 28. Qxd3
fxe4 29. Bxe4 Qd6 30. f3 b5 31. h4 $2 $138 0-1